000 00859nam a2200205 a 4500
003 0
005 20250424124738.0
008 050808s19uu xx 00 eng d
050 _aPHS QR 100.C66
_b.M37 2005
100 _aMarcelo, Andrei Mari Manahan.
245 _aA Comparative study on the effect of different kinds of water on the reproduction of Anabaena azollae Strasburger /
_cAndrei Mari Manahan Marcelo.
260 _aLas PiƱas City, Philippines :
_bSouthville International School and Colleges,
_c2005.
300 _a20 pages :
_billustrations ;
_c28 cm.
504 _aIncludes bibliographical references.
650 _2Library of Congress Subject Headings
_aAnabaena azollae
_xGrowth.
650 _aAquatic microorganisms
_xEffect of water composition on.
650 _aWater quality
_xBiological effects.
942 _2lcc
_cPASS
999 _c97270
_d97270